Sincerely Yours: Blushing Poetry/ (Record no. 207929)

MARC details
000 -LEADER
fixed length control field 00594nam a22002057a 4500
005 - DATE AND TIME OF LATEST TRANSACTION
control field 20241224122911.0
010 ## - LCCN (DPL NO)
LC control number ENG-142207
020 ## - INTERNATIONAL STANDARD BOOK NUMBER
Terms of availability 299.00
International Standard Book Number 9788119524587
035 ## - SYSTEM CONTROL NUMBER
System control number EN-125739
037 ## - SOURCE OF ACQUISITION
Source of stock number/acquisition Exceller Books
037 ## - SOURCE OF ACQUISITION
Source of stock number/acquisition dbad
082 ## - DEWEY DECIMAL CLASSIFICATION NUMBER
Classification number 881
100 ## - MAIN ENTRY--PERSONAL NAME
Personal name Chaithanya, R. S.
245 ## - TITLE STATEMENT
Title Sincerely Yours: Blushing Poetry/
Statement of responsibility, etc by R. S. Chaithanya
260 ## - PUBLICATION, DISTRIBUTION, ETC. (IMPRINT)
Place of publication, distribution, etc Kolkata
Name of publisher, distributor, etc Exceller Books
Date of publication, distribution, etc 2024
270 ## - ADDRESS
Address G1 Dream Apartment, Degree College Road
City Belgharia,Kolkata
300 ## - PHYSICAL DESCRIPTION
Extent 51p.
Dimensions 21cm(pb)
490 ## - SERIES STATEMENT
Volume number/sequential designation Part I
942 ## - ADDED ENTRY ELEMENTS (KOHA)
Source of classification or shelving scheme Dewey Decimal Classification
Item type English Books
Call number suffix CHA
Classification part 881
Holdings
Withdrawn status Lost status Not for loan Collection code Home library Current library Date acquired Source of acquisition Cost, normal purchase price Full call number Barcode Copy number Cost, replacement price Koha item type
      Non-fiction Central Library Central Library 24/12/2024 Delivery of Books Division 299.00 CHA 881 EN-125739 1 299.00 English Books

© Delhi Public Library
Hit Counter
free hit counter